000
00205nam a22000857a 4500
008
170111b xxu||||| |||| 00| 0 eng d
100
_9
2327
_a
Gupta.V.
245
_a
Computer Science-4
260
_b
Brittanica
_c
2010
999
_c
5264
_d
5264